000 00702cam a22002533a 4500
001 19586
003 PGUSA
005 20140828083420.0
008 061019s2006||||xxu|||||s|||||000 1 eng d
040 _aPGUSA
_beng
042 _adc
050 4 _aPR
100 1 _aBirmingham, George A.,
_d1865-1950
245 1 4 _aThe Simpkins Plot
_h[electronic resource] /
_cGeorge A. Birmingham
260 _bProject Gutenberg,
_c2006
506 _aPublic domain in the USA.
516 _aElectronic text
653 _aIreland -- Fiction
653 _aClergy -- Fiction
653 _aHumorous stories
830 0 _aProject Gutenberg
_v19586
856 4 0 _uhttp://www.gutenberg.org/ebooks/19586
942 _cEB
999 _c248841
_d248841